000 00720nam a2200241 u 4500
001 000055955
005 20200120223207.0
008 101025s2001 ck a jr 000 f spa d
020 _a958046023X
043 _as-ck---
090 _aJN
_bBOJch
100 1 _aBojunga Nunes, Lygia
245 1 0 _a¡Chao! /
_cLygia Bojunga ; traducción de Irene Vasco ; ilustraciones de Ivar Da Coll.
250 _a1a. ed.
260 _aBogotá :
_bNorma,
_c2001.
300 _a126 p. :
_bil.
490 0 _aColección Torre de papel
_pTorre amarilla
650 1 4 _aNovela juvenil colombiana
650 2 4 _aLiteratura juvenil
650 2 4 _aNovela colombiana
700 1 _aDa Coll, Ivar
_eilustrador
700 1 _aVasco, Irene
_etraductor
999 _c5497
_d5497